[Event "NatWest Young Masters"]
[Site "London"]
[Date "1990.09.02"]
[Round "5"]
[White "Ward, Christopher R"]
[Black "Webster, Andrew"]
[Result "1-0"]
[WhiteElo "2460"]
[BlackElo "2335"]
[PlyCount "59"]
[EventDate "1990.08.29"]
[EventType "tourn"]
[EventRounds "9"]
[EventCountry "ENG"]

1. d4 Nf6 2. c4 c5 3. d5 e5 4. Nc3 d6 5. e4 Be7 6. g3 a6 7. a4 O-O 8. h4 Ne8 9.
Bh3 Nc7 10. Kf1 Nd7 11. Kg2 b5 12. axb5 Nb6 13. bxa6 Nxc4 14. a7 Nb6 15. Qb3
Bxh3+ 16. Nxh3 Nd7 17. Qb7 Qc8 18. Qxc8 Rfxc8 19. Be3 Bd8 20. Rhb1 Ne8 21. b4
cxb4 22. Nb5 Rc4 23. Ra4 Rxe4 24. Ng5 Rxe3 25. fxe3 Nb6 26. Raxb4 Nxd5 27. R4b3
f6 28. e4 Nec7 29. Nxc7 Bxc7 30. Rb8+ 1-0

[Event "NatWest Young Masters"]
[Site "London"]
[Date "1990.09.03"]
[Round "6"]
[White "Barua, Dibyendu"]
[Black "Tozer, Richard"]
[Result "1/2-1/2"]
[WhiteElo "2490"]
[BlackElo "2285"]
[PlyCount "131"]
[EventDate "1990.08.29"]
[EventType "tourn"]
[EventRounds "9"]
[EventCountry "ENG"]

1. e4 c5 2. Nf3 e6 3. d4 cxd4 4. Nxd4 Nc6 5. Nb5 d6 6. c4 Nf6 7. N1c3 a6 8. Na3
Be7 9. Be2 O-O 10. O-O b6 11. f4 Bb7 12. Bf3 Rc8 13. Be3 Na5 14. Qd3 Qc7 15.
Rac1 Nd7 16. Qb1 Qb8 17. Ne2 b5 18. cxb5 axb5 19. b4 Nc4 20. Nxc4 bxc4 21. Nc3
Nf6 22. a4 d5 23. e5 Ne4 24. Nxe4 dxe4 25. Be2 Bd5 26. b5 Bc5 27. Bxc5 Rxc5 28.
Qb4 Rfc8 29. Rc3 h6 30. h3 g5 31. Rg3 c3 32. Rc1 c2 33. Qe1 Kh8 34. Qf2 f5 35.
a5 Rc3 36. Rxc3 Rxc3 37. Qd4 Rg3 38. Rxc2 gxf4 39. Bf1 Qg8 40. Qf2 f3 41. Qe3
Qg7 42. Qb6 fxg2 43. Rc8+ Kh7 44. Rc7 gxf1=Q+ 45. Kxf1 Bc4+ 46. Ke1 Re3+ 47.
Kd2 Rd3+ 48. Kc2 Rd7 49. Rxc4 Qxe5 50. Rc3 f4 51. Qc6 Rg7 52. Rc4 Rg2+ 53. Kb3
Rg3+ 54. Kb4 e3 55. Re4 Qb2+ 56. Kc5 Qc3+ 57. Kb6 Qxc6+ 58. bxc6 f3 59. c7 f2
60. c8=Q f1=Q 61. Qc7+ Rg7 62. Qc2 Qf7 63. Rxe3+ Kh8 64. Qc8+ Kh7 65. Qc2+ Kh8
66. Qc8+ 1/2-1/2

[Event "NatWest Young Masters"]
[Site "London"]
[Date "1990.09.23"]
[Round "6"]
[White "Madl, Ildiko"]
[Black "Ledger, Andrew"]
[Result "1/2-1/2"]
[WhiteElo "2375"]
[BlackElo "2350"]
[PlyCount "112"]
[EventDate "1990.08.29"]
[EventType "tourn"]
[EventRounds "9"]
[EventCountry "ENG"]

1. e4 c6 2. d4 d5 3. Nd2 g6 4. c3 Bg7 5. Bd3 Nh6 6. h3 O-O 7. Ngf3 f6 8. O-O
Nf7 9. Qe2 e5 10. dxe5 fxe5 11. Nb3 b6 12. Be3 Bb7 13. Rad1 Qe7 14. Rfe1 Nd7
15. Bc1 Rad8 16. exd5 cxd5 17. c4 Nc5 18. Nxc5 Qxc5 19. cxd5 Bxd5 20. b3 Nd6
21. Ng5 Qc6 22. Ba3 e4 23. Bc4 Bxc4 24. bxc4 e3 25. fxe3 Rfe8 26. c5 bxc5 27.
Qc2 Bh6 28. Qc3 Rd7 29. Nf3 Nf5 30. Rxd7 Qxd7 31. Bxc5 Qf7 32. e4 Ng3 33. Ne5
Qf1+ 34. Kh2 Qf4 35. Qxg3 (35. Qb3+ $1 {and then 36. Qxg3 wins}) 35... Rxe5 36.
Bd6 Qxg3+ 37. Kxg3 Ra5 38. a3 Bf8 39. Bb4 Bxb4 40. axb4 Rb5 41. Rc1 Rxb4 42.
Rc8+ Kf7 43. Rc7+ Kf6 44. Kf4 g5+ 45. Kf3 Rb3+ 46. Kg4 h5+ 47. Kxh5 Rg3 48.
Rxa7 Rxg2 49. Ra6+ Kf7 50. Ra3 Re2 51. Ra4 Rg2 52. e5 Rg3 53. Ra6 Rxh3+ 54.
Kxg5 Rh1 55. e6+ Ke7 56. Ra7+ Kxe6 1/2-1/2

[Event "NatWest Young Masters"]
[Site "London"]
[Date "1990.09.03"]
[Round "6"]
[White "McNab, Colin Anderson"]
[Black "Agnos, Demetrios"]
[Result "1-0"]
[WhiteElo "2385"]
[BlackElo "2400"]
[PlyCount "85"]
[EventDate "1990.08.29"]
[EventType "tourn"]
[EventRounds "9"]
[EventCountry "ENG"]

1. Nf3 Nf6 2. c4 g6 3. g3 Bg7 4. Bg2 O-O 5. O-O d6 6. d4 a6 7. Nc3 Nc6 8. Bd2
Rb8 9. Rc1 Bd7 10. b3 e5 11. dxe5 dxe5 12. Nd5 h6 13. Bc3 Re8 14. Nd2 Be6 15.
Nb4 Nxb4 16. Bxb4 Qc8 17. Qc2 Bh3 18. Bc3 h5 19. Ne4 h4 20. Nxf6+ Bxf6 21. Qe4
Bf5 22. Qe3 Kg7 23. f4 hxg3 24. fxe5 gxh2+ 25. Kh1 Kg8 26. Bh3 Bxh3 27. Rxf6
Be6 28. Qh6 Re7 29. Rcf1 c5 30. R1f2 Qf8 31. Qh4 Qg7 32. Bd2 Rd8 33. Bg5 Rd1+
34. Kxh2 Qh7 35. Qxh7+ Kxh7 36. R6f4 f6 37. Bxf6 Red7 38. Rh4+ Kg8 39. Rh8+ Kf7
40. Rh7+ Kg8 41. Rh8+ Kf7 42. Bg5+ Kg7 43. Rff8 1-0

[Event "NatWest Young Masters"]
[Site "London"]
[Date "1990.09.03"]
[Round "6"]
[White "Morris, Philip"]
[Black "Webster, Andrew"]
[Result "1-0"]
[WhiteElo "2380"]
[BlackElo "2335"]
[PlyCount "71"]
[EventDate "1990.08.29"]
[EventType "tourn"]
[EventRounds "9"]
[EventCountry "ENG"]

1. e4 e6 2. d4 d5 3. e5 c5 4. c3 Bd7 5. Nf3 Nc6 6. Be2 f6 7. O-O fxe5 8. Nxe5
Nxe5 9. dxe5 Qc7 10. c4 d4 11. Re1 O-O-O 12. Bf3 h6 13. Bf4 g5 14. Bg3 Ne7 15.
Nd2 Bg7 16. Ne4 Bxe5 17. Bxe5 Qxe5 18. b4 cxb4 19. c5 Kb8 20. Nd6 Qf6 21. Nxb7
g4 22. Be4 Rdf8 23. Qd2 Nd5 24. Na5 Kc7 25. c6 Bc8 26. Bxd5 exd5 27. Qxb4 Ba6
28. Kh1 Rh7 29. Rab1 h5 30. Re6 Qxe6 31. Qxf8 Bc8 32. Qf4+ Kd8 33. Nb7+ Ke8 34.
Nd6+ Ke7 35. Nxc8+ Qxc8 36. Re1+ 1-0

[Event "NatWest Young Masters"]
[Site "London"]
[Date "1990.09.03"]
[Round "6"]
[White "Ravikumar, Vaidyanathan"]
[Black "Ward, Christopher R"]
[Result "1/2-1/2"]
[WhiteElo "2355"]
[BlackElo "2460"]
[PlyCount "71"]
[EventDate "1990.08.29"]
[EventType "tourn"]
[EventRounds "9"]
[EventCountry "ENG"]

1. d4 e6 2. e4 d5 3. exd5 exd5 4. Bd3 Nc6 5. c3 Bd6 6. Qf3 Nce7 7. Ne2 Nf6 8.
h3 Ng6 9. Bg5 Be7 10. Nf4 Nxf4 11. Bxf4 Be6 12. Nd2 c6 13. Nf1 Ne4 14. Bxe4
dxe4 15. Qxe4 Bd5 16. Qd3 Bxg2 17. Rg1 Bxf1 18. Kxf1 g6 19. Re1 O-O 20. Bh6 Re8
21. Rg3 Bf8 22. Rxe8 Qxe8 23. Bxf8 Qxf8 24. Re3 Qd6 25. Qe4 Kf8 26. Qh4 h5 27.
Qg5 Rd8 28. h4 b5 29. Qe5 Qxe5 30. Rxe5 Rd5 31. Ke2 Rd6 32. f4 f6 33. Rc5 Ke7
34. a4 a6 35. axb5 axb5 36. Kd3 1/2-1/2

[Event "NatWest Young Masters"]
[Site "London"]
[Date "1990.09.04"]
[Round "7"]
[White "Agnos, Demetrios"]
[Black "Barua, Dibyendu"]
[Result "1/2-1/2"]
[WhiteElo "2400"]
[BlackElo "2490"]
[PlyCount "52"]
[EventDate "1990.08.29"]
[EventType "tourn"]
[EventRounds "9"]
[EventCountry "ENG"]

1. e4 e5 2. Nf3 Nf6 3. Nxe5 d6 4. Nf3 Nxe4 5. Nc3 Nxc3 6. dxc3 Be7 7. Be3 Nd7
8. Qd2 c6 9. O-O-O Qa5 10. Kb1 Nf6 11. Nd4 O-O 12. Bd3 Nd5 13. h4 Bd7 14. Bg5
Rfe8 15. Rde1 Bf8 16. Be4 h6 17. Qd3 Rxe4 18. Rxe4 hxg5 19. hxg5 g6 20. Reh4
Bg7 21. Qg3 Re8 22. Qh2 Kf8 23. Qxd6+ Re7 24. Qb8+ Re8 25. Qd6+ Re7 26. Qb8+
Re8 1/2-1/2

[Event "NatWest Young Masters"]
[Site "London"]
[Date "1990.09.04"]
[Round "7"]
[White "Ledger, Andrew"]
[Black "McNab, Colin Anderson"]
[Result "1-0"]
[WhiteElo "2350"]
[BlackElo "2385"]
[PlyCount "105"]
[EventDate "1990.08.29"]
[EventType "tourn"]
[EventRounds "9"]
[EventCountry "ENG"]

1. e4 g6 2. d4 d6 3. Nc3 Bg7 4. g3 Nc6 5. Be3 e5 6. dxe5 Nxe5 7. h3 Ne7 8. f4
N5c6 9. Bg2 Be6 10. Qd3 O-O 11. Nf3 Qd7 12. Ng5 Nb4 13. Qe2 Qc6 14. Nxe6 fxe6
15. Qd2 Qc4 16. a3 Bxc3 17. bxc3 Nbc6 18. Qd3 Qxd3 19. cxd3 Rae8 20. h4 e5 21.
Kd2 Rd8 22. Rab1 b6 23. h5 d5 24. hxg6 hxg6 25. exd5 Nxd5 26. Bxd5+ Rxd5 27.
Rh6 Ne7 28. Rbh1 e4 29. d4 Kf7 30. g4 Ke8 31. c4 Ra5 32. Ra1 b5 33. Rb1 Rxa3
34. Rxb5 Rf6 35. d5 Rfa6 36. Bc5 Rd3+ 37. Kc2 Ra2+ 38. Rb2 Rxb2+ 39. Kxb2 Nc8
40. Rxg6 Nb6 41. Bxb6 cxb6 42. Re6+ Kd7 43. Rxe4 Kd6 44. f5 Rf3 45. Re6+ Kc5
46. Rc6+ Kb4 47. d6 Rf2+ 48. Kc1 Kc3 49. Kd1 Rf4 50. Ke2 Rxg4 51. f6 Re4+ 52.
Kf3 Re6 53. d7 1-0

[Event "NatWest Young Masters"]
[Site "London"]
[Date "1990.09.04"]
[Round "7"]
[White "Tozer, Richard"]
[Black "Morris, Philip"]
[Result "1/2-1/2"]
[WhiteElo "2285"]
[BlackElo "2380"]
[PlyCount "126"]
[EventDate "1990.08.29"]
[EventType "tourn"]
[EventRounds "9"]
[EventCountry "ENG"]

1. d4 Nf6 2. c4 g6 3. Nc3 d5 4. cxd5 Nxd5 5. e4 Nxc3 6. bxc3 Bg7 7. Bc4 c5 8.
Ne2 Nc6 9. Be3 O-O 10. O-O Qc7 11. Rc1 Rd8 12. Kh1 b6 13. f4 Na5 14. Bd3 f5 15.
exf5 gxf5 16. Ng3 e6 17. Nh5 Bb7 18. Qe2 c4 19. Bc2 Bd5 20. Bf2 Qf7 21. Bh4 Rf8
22. Nxg7 Qxg7 23. Rf3 Bxf3 24. gxf3 Rf6 25. Bxf6 Qxf6 26. Re1 Kf7 27. Ba4 Rd8
28. Bb5 h5 29. Bxc4 Nxc4 30. Qxc4 Rd7 31. Re5 h4 32. Qc8 Qd8 33. Qxd8 Rxd8 34.
Kg2 Kf6 35. Kh3 Rc8 36. Re3 Rc4 37. Kxh4 Ra4 38. Re2 Rc4 39. Rc2 b5 40. Kg3 b4
41. Kf2 bxc3 42. Ke3 Ra4 43. Kd3 Kg6 44. Rg2+ Kf6 45. h4 Ra3 46. Rc2 Kg6 47.
Rxc3 Rxa2 48. Rc6 Kf7 49. h5 Rh2 50. d5 exd5 51. Rc7+ Kf6 52. Rxa7 Rxh5 53. Kd4
Rh3 54. Ra6+ Kf7 55. Ke5 Rxf3 56. Kxf5 d4 57. Ra7+ Kf8 58. Kg5 Rb3 59. f5 Rb6
60. Rd7 d3 61. Rxd3 Kf7 62. Rd7+ Kf8 63. f6 Rb1 1/2-1/2

[Event "NatWest Young Masters"]
[Site "London"]
[Date "1990.09.04"]
[Round "7"]
[White "Ward, Christopher R"]
[Black "Madl, Ildiko"]
[Result "0-1"]
[WhiteElo "2460"]
[BlackElo "2375"]
[PlyCount "86"]
[EventDate "1990.08.29"]
[EventType "tourn"]
[EventRounds "9"]
[EventCountry "ENG"]

1. c4 Nf6 2. Nc3 c5 3. Nf3 g6 4. d4 Bg7 5. e4 O-O 6. e5 Ng4 7. h3 cxd4 8. hxg4
(8. Qxd4 Nxe5 $1 9. Nxe5 d6) 8... dxc3 9. Qd3 Qa5 10. b4 Qxb4 11. Rb1 Qa5 12.
Rb5 Qxa2 13. Ng5 h6 14. Ne4 c2 15. Nc3 Qa1 16. Qxc2 a6 17. Rb1 Qa5 18. f4 d6
19. Bd2 Bxg4 20. Nd5 Qd8 21. Rxb7 Nd7 22. Bd3 e6 23. Rxd7 Qxd7 24. Nf6+ Bxf6
25. exf6 Qd8 26. Bxg6 Qxf6 27. Rxh6 Bf5 28. Bh7+ Kg7 29. Bxf5 Qxh6 30. Be4 d5
31. cxd5 exd5 32. Bxd5 Rac8 33. Qd3 Rfe8+ 34. Kf1 Qh1+ 35. Kf2 Qh4+ 36. Kf3
Qh5+ 37. Kf2 Red8 38. f5 Qh4+ 39. Kg1 Rc5 40. f6+ Qxf6 41. Qg3+ Kf8 42. Bb4
Qd4+ 43. Kh2 Qxd5 0-1

[Event "NatWest Young Masters"]
[Site "London"]
[Date "1990.09.04"]
[Round "7"]
[White "Webster, Andrew"]
[Black "Ravikumar, Vaidyanathan"]
[Result "0-1"]
[WhiteElo "2335"]
[BlackElo "2355"]
[PlyCount "82"]
[EventDate "1990.08.29"]
[EventType "tourn"]
[EventRounds "9"]
[EventCountry "ENG"]

1. c4 c6 2. b3 Nf6 3. Nf3 g6 4. Bb2 Bg7 5. g3 O-O 6. Bg2 d6 7. d3 a5 8. O-O Na6
9. a3 Bd7 10. Qc2 Re8 11. Nbd2 b5 12. Rfe1 b4 13. a4 c5 14. e3 Rc8 15. Ng5 Bc6
16. Bxc6 Rxc6 17. Nde4 Nxe4 18. dxe4 Bh6 19. Nh3 Nb8 20. Rad1 e5 21. Rd5 Nd7
22. Red1 Qe7 23. Qd3 Bf8 24. f4 exf4 25. e5 Nxe5 26. Bxe5 dxe5 27. Rd7 Qf6 28.
Qd5 Rce6 29. g4 fxe3 30. Rf1 e2 31. Re1 Qh4 32. Nf2 Rf6 33. Rxe2 Bh6 34. Qg2
Rf4 35. Ne4 Bg7 36. h3 h6 37. Rdd2 h5 38. Nd6 Rf8 39. gxh5 Qxh5 40. Rd5 Qh4 41.
Rd1 e4 0-1

[Event "NatWest Young Masters"]
[Site "London"]
[Date "1990.09.05"]
[Round "8"]
[White "Barua, Dibyendu"]
[Black "Ledger, Andrew"]
[Result "1-0"]
[WhiteElo "2490"]
[BlackElo "2350"]
[PlyCount "73"]
[EventDate "1990.08.29"]
[EventType "tourn"]
[EventRounds "9"]
[EventCountry "ENG"]

1. e4 c6 2. d4 d5 3. exd5 cxd5 4. Bd3 Nc6 5. c3 g6 6. Nf3 Bf5 7. Bxf5 gxf5 8.
Bf4 e6 9. O-O Nge7 10. Re1 Rg8 11. Qb3 Qd7 12. Bd2 Nc8 13. a4 Be7 14. c4 dxc4
15. Qxc4 Nb6 16. Qb5 Qd5 17. Qxd5 Nxd5 18. Na3 Rd8 19. Nc2 a5 20. Kf1 Bf6 21.
Rac1 h5 22. h3 Rg6 23. Red1 Ke7 24. g3 Rh8 25. Ne3 Nxe3+ 26. Bxe3 Rd8 27. Rc5
Rgg8 28. d5 exd5 29. Rdxd5 Bxb2 30. Rxf5 Rd1+ 31. Kg2 Rg6 32. Rb5 Bf6 33. Rxb7+
Kf8 34. Rxh5 Ra1 35. Rb6 Be7 36. Nd4 Nxd4 37. Bxd4 1-0

[Event "NatWest Young Masters"]
[Site "London"]
[Date "1990.09.05"]
[Round "8"]
[White "Madl, Ildiko"]
[Black "Webster, Andrew"]
[Result "1/2-1/2"]
[WhiteElo "2375"]
[BlackElo "2335"]
[PlyCount "206"]
[EventDate "1990.08.29"]
[EventType "tourn"]
[EventRounds "9"]
[EventCountry "ENG"]

1. e4 g6 2. d4 Bg7 3. Nc3 c6 4. Bc4 d6 5. Qf3 e6 6. Nge2 Nd7 7. a4 Qe7 8. O-O
Ngf6 9. Ba2 O-O 10. Nf4 b6 11. Re1 e5 12. dxe5 Nxe5 13. Qe2 Bb7 14. f3 g5 15.
Nd3 h6 16. f4 gxf4 17. Nxf4 Rae8 18. Bd2 Kh7 19. Rf1 Bc8 20. Rae1 Bg4 21. Qf2
Nh5 22. Nxh5 Bxh5 23. Ne2 Bg6 24. Nf4 Nd7 25. a5 Qe5 26. Nd3 Qh5 27. axb6 axb6
28. Bf4 Rxe4 29. Rxe4 Bxe4 30. Bxd6 Qg6 31. Bg3 Bxd3 32. cxd3 Nc5 33. Bb1 Ne6
34. Kh1 Bd4 35. Qe2 c5 36. Ba2 Re8 37. Bd5 Qg7 38. Qh5 Kg8 39. b3 Qg6 40. Qxg6+
fxg6 41. Re1 Kf7 42. Bc7 b5 43. Bb6 b4 44. g3 Kf6 45. h4 h5 46. Kh2 Ng7 47.
Rxe8 Nxe8 48. Bd8+ Kg7 49. Kg2 Nf6 50. Be6 Kf8 51. Kf3 Ke8 52. Bc7 Ke7 53. Bc4
Ne8 54. Bf4 Nd6 55. Bg8 Nf7 56. Ke4 Kf8 57. Bxf7 Kxf7 58. Be3 Bxe3 59. Kxe3 Kf6
60. Kf4 g5+ 61. hxg5+ Kg6 62. Ke5 Kxg5 63. Kd5 Kg4 64. Kxc5 Kxg3 65. d4 h4 66.
d5 h3 67. d6 h2 68. d7 h1=Q 69. d8=Q Qb7 70. Qd6+ Kh3 71. Qe5 Kg4 72. Qd6 Kh4
73. Qd4+ Kh3 74. Qxb4 Qe7+ 75. Kb5 Qb7+ 76. Ka4 Qa7+ 77. Qa5 Qd4+ 78. b4 Qd1+
79. Kb5 Qd5+ 80. Kb6 Qd6+ 81. Kb7 Qd7+ 82. Qc7 Qb5+ 83. Qb6 Qd7+ 84. Kb8 Qe8+
85. Kc7 Qe7+ 86. Kb8 Qe8+ 87. Kc7 Qe7+ 88. Kb8 Qe8+ 89. Ka7 Qa4+ 90. Qa5 Qd7+
91. Kb8 Qe8+ 92. Kc7 Qe7+ 93. Kc6 Qe6+ 94. Kc5 Qe5+ 95. Kc4 Qe4+ 96. Kc3 Qe3+
97. Kc2 Qe2+ 98. Kb3 Qd3+ 99. Ka4 Qd1+ 100. Kb5 Qd5+ 101. Kb6 Qd6+ 102. Kb7
Qd7+ 103. Kb8 Qe8+ 1/2-1/2

[Event "NatWest Young Masters"]
[Site "London"]
[Date "1990.09.05"]
[Round "8"]
[White "McNab, Colin Anderson"]
[Black "Ward, Christopher R"]
[Result "1-0"]
[WhiteElo "2385"]
[BlackElo "2460"]
[PlyCount "119"]
[EventDate "1990.08.29"]
[EventType "tourn"]
[EventRounds "9"]
[EventCountry "ENG"]

1. Nf3 c5 2. c4 Nf6 3. g3 b6 4. Bg2 Bb7 5. d3 e6 6. e4 d6 7. Nc3 Be7 8. O-O O-O
9. b3 a6 10. Bb2 Qc7 11. Rc1 Re8 12. Re1 Nbd7 13. d4 cxd4 14. Nxd4 Bf8 15. f4
Rad8 16. g4 g6 17. Bf3 h6 18. Nd5 exd5 19. cxd5 Qb8 20. Nc6 Qa8 21. e5 dxe5 22.
fxe5 Bc5+ 23. Rxc5 Nxc5 24. Nxd8 Bxd5 25. exf6 Rxd8 26. Bxd5 Rxd5 27. Qe2 Ne6
28. Bc1 g5 29. Qf3 Qc6 30. Be3 Rc5 31. Kf2 Rc2+ 32. Re2 Rxe2+ 33. Qxe2 b5 34.
Qf3 Qd6 35. Kg2 Qe5 36. b4 Qb2+ 37. Kg3 Qxb4 38. Qa8+ Kh7 39. Qxa6 Qe4 40. Kf2
Nf4 41. Qxb5 Nd3+ 42. Ke2 Qg2+ 43. Kd1 Qf1+ 44. Kd2 Qc1+ 45. Ke2 Qc2+ 46. Bd2
Nc5 47. Qb4 Kg6 48. Qd4 h5 49. Qd5 Ne4 50. Qd3 Qxd3+ 51. Kxd3 Nf2+ 52. Kc4 hxg4
53. a4 Ne4 54. a5 Nxd2+ 55. Kd5 Nf3 56. a6 Nxh2 57. a7 g3 58. a8=Q g2 59. Qg8+
Kf5 60. Qh7+ 1-0

[Event "NatWest Young Masters"]
[Site "London"]
[Date "1990.09.05"]
[Round "8"]
[White "Morris, Philip"]
[Black "Ravikumar, Vaidyanathan"]
[Result "1-0"]
[WhiteElo "2380"]
[BlackElo "2355"]
[PlyCount "61"]
[EventDate "1990.08.29"]
[EventType "tourn"]
[EventRounds "9"]
[EventCountry "ENG"]

1. e4 c5 2. Nf3 e6 3. d4 cxd4 4. Nxd4 Nf6 5. Nc3 d6 6. Be2 a6 7. O-O Qc7 8. f4
Be7 9. Kh1 Nc6 10. Be3 Bd7 11. Qe1 Nxd4 12. Bxd4 Bc6 13. Qg3 g6 14. a4 O-O 15.
f5 e5 16. Be3 Nxe4 17. Nxe4 Bxe4 18. f6 Bd8 19. Qh4 Qxc2 20. Rae1 Kh8 21. Qh6
Rg8 22. Bg5 Rc8 (22... Ba5 $1) 23. Bf3 Bd3 24. Bd1 Qc4 25. Bb3 Qc7 26. Rf3 Bf5
27. Re4 Qc1+ 28. Bxc1 Rxc1+ 29. Qxc1 Bxe4 30. Rf1 d5 31. Qc5 1-0

[Event "NatWest Young Masters"]
[Site "London"]
[Date "1990.09.05"]
[Round "8"]
[White "Tozer, Richard"]
[Black "Agnos, Demetrios"]
[Result "0-1"]
[WhiteElo "2285"]
[BlackElo "2400"]
[PlyCount "86"]
[EventDate "1990.08.29"]
[EventType "tourn"]
[EventRounds "9"]
[EventCountry "ENG"]

1. d4 Nf6 2. c4 g6 3. Nc3 Bg7 4. e4 d6 5. Be2 O-O 6. Bg5 Nbd7 7. Qd2 e5 8. d5
Nc5 9. f3 a5 10. h4 c6 11. h5 a4 12. g4 Qa5 13. Nh3 cxd5 14. Nxd5 Nxd5 15. cxd5
Qxd2+ 16. Kxd2 f6 17. Be3 gxh5 18. gxh5 f5 19. Ng5 Kh8 20. Bc4 b5 21. Bxb5 Rb8
22. Bc4 Rxb2+ 23. Kc3 a3 24. Bxc5 dxc5 25. Ne6 Bxe6 26. dxe6 fxe4 27. fxe4 Bh6
28. Raf1 Bd2+ 29. Kd3 Rd8+ 30. Bd5 c4+ 31. Ke2 Bg5+ 32. Kf3 c3 33. Rhg1 h6 34.
Kg4 c2 35. Kf5 Rf8+ 36. Kxe5 Rxf1 37. Rxf1 Rb8 38. e7 Bxe7 39. Rc1 Rb2 40. Bb3
Rxb3 41. axb3 a2 42. Ke6 Ba3 43. Rxc2 a1=Q 0-1

[Event "NatWest Young Masters"]
[Site "London"]
[Date "1990.09.07"]
[Round "9"]
[White "Agnos, Demetrios"]
[Black "Morris, Philip"]
[Result "1/2-1/2"]
[WhiteElo "2400"]
[BlackElo "2380"]
[PlyCount "20"]
[EventDate "1990.08.29"]
[EventType "tourn"]
[EventRounds "9"]
[EventCountry "ENG"]

1. f4 d5 2. Nf3 g6 3. e3 Bg7 4. d4 Nf6 5. Bd3 Bg4 6. O-O O-O 7. Nbd2 c6 8. Qe1
Bxf3 9. Rxf3 Nbd7 10. Qh4 e6 1/2-1/2

[Event "NatWest Young Masters"]
[Site "London"]
[Date "1990.09.07"]
[Round "9"]
[White "Ledger, Andrew"]
[Black "Tozer, Richard"]
[Result "1/2-1/2"]
[WhiteElo "2350"]
[BlackElo "2285"]
[PlyCount "147"]
[EventDate "1990.08.29"]
[EventType "tourn"]
[EventRounds "9"]
[EventCountry "ENG"]

1. Nf3 c5 2. g3 Nf6 3. Bg2 d5 4. O-O Nc6 5. d4 e6 6. c4 dxc4 7. Qa4 cxd4 8.
Nxd4 Qxd4 9. Bxc6+ Bd7 10. Bxd7+ Qxd7 11. Qxc4 Rc8 12. Qb3 Bc5 13. Rd1 Qc6 14.
Be3 O-O 15. Bxc5 Qxc5 16. Nd2 Rfd8 17. Qxb7 Rd7 18. Qf3 Rcd8 19. Rdc1 Qd4 20.
Nc4 h5 21. e3 Qc5 22. b3 e5 23. Qf5 Re7 24. Rd1 Qc7 25. Rxd8+ Qxd8 26. Nxe5 Qd5
27. f4 Re8 28. Qc2 Ng4 29. Rd1 Qe6 30. Nxg4 hxg4 31. Rd3 g6 32. Qc4 Qf6 33. Qd4
Qc6 34. Rc3 Qf3 35. Rc2 Kh7 36. Rf2 Qxe3 37. Qxe3 Rxe3 38. Rc2 Re1+ 39. Kf2 Ra1
40. Ke3 Kg7 41. Kd4 Kf6 42. a4 Rb1 43. Kc4 a5 44. Re2 g5 45. Rf2 Rc1+ 46. Kb5
Rb1 47. Kxa5 Rxb3 48. fxg5+ Kg6 49. Rf6+ Kxg5 50. Rxf7 Rb2 51. Rh7 Rb8 52. Ka6
Ra8+ 53. Ra7 Rh8 54. a5 Rxh2 55. Rc7 Rg2 56. Rc3 Kf5 57. Kb6 Rb2+ 58. Ka7 Ke4
59. a6 Rb4 60. Ka8 Rb6 61. a7 Rb1 62. Rc8 Rb3 63. Rg8 Kf3 64. Rb8 Ra3 65. Kb7
Kxg3 66. a8=Q Rxa8 67. Rxa8 Kf2 68. Rf8+ Ke3 69. Rg8 Kf3 70. Kc6 g3 71. Kd5 g2
72. Kd4 Kf2 73. Rf8+ Ke2 74. Rg8 1/2-1/2

[Event "NatWest Young Masters"]
[Site "London"]
[Date "1990.09.07"]
[Round "9"]
[White "Ward, Christopher R"]
[Black "Barua, Dibyendu"]
[Result "1-0"]
[WhiteElo "2460"]
[BlackElo "2490"]
[PlyCount "135"]
[EventDate "1990.08.29"]
[EventType "tourn"]
[EventRounds "9"]
[EventCountry "ENG"]

1. c4 e6 2. Nf3 d5 3. b3 Nf6 4. Bb2 c5 5. e3 Nc6 6. cxd5 exd5 7. Bb5 a6 8.
Bxc6+ bxc6 9. d3 Bg4 10. Nbd2 Bd6 11. Qc2 Rc8 12. e4 Be7 13. h3 Bxf3 14. Nxf3
O-O 15. O-O Nd7 16. Ne5 Nxe5 17. Bxe5 Re8 18. Rad1 Bf8 19. Bg3 Qg5 20. Rde1 f5
21. e5 h6 22. Qc1 Re6 23. Qxg5 hxg5 24. f4 gxf4 25. Rxf4 g6 26. Ra4 Ra8 27. h4
Kf7 28. Bf4 Ree8 29. g4 Ke6 30. gxf5+ gxf5 31. Kf2 Be7 32. Rh1 Rg8 33. Kf3 Rg4
34. h5 Bg5 35. h6 Bxf4 36. Rxf4 Rg5 37. b4 Kxe5 38. bxc5 d4 39. h7 Rh8 40. Rfh4
Kd5 41. Kf4 Rg7 42. Rh5 Kxc5 43. Kxf5 Kb4 44. Kf6 Rc7 45. Kg6 Kc3 46. R5h3 c5
47. Rb1 a5 48. Rb3+ Kd2 49. Rb2+ Kc3 50. Rb3+ Kd2 51. a4 Kc2 52. Rb5 Kc3 53.
Rxa5 c4 54. dxc4+ Kxc4 55. Rf5 d3 56. Rf4+ Kc3 57. Rf7 Rc4 58. Rd7 Rg4+ 59. Kf6
Kc2 60. Rh2+ Kc3 61. a5 Rf8+ 62. Ke7 Rh8 63. Kf7 Rg1 64. a6 d2 65. Rdxd2 Rxh7+
66. Rxh7 Kxd2 67. a7 Ra1 68. Ke8 1-0

[Event "NatWest Young Masters"]
[Site "London"]
[Date "1990.09.07"]
[Round "9"]
[White "Webster, Andrew"]
[Black "McNab, Colin Anderson"]
[Result "0-1"]
[WhiteElo "2335"]
[BlackElo "2385"]
[PlyCount "52"]
[EventDate "1990.08.29"]
[EventType "tourn"]
[EventRounds "9"]
[EventCountry "ENG"]

1. d4 d6 2. e4 g6 3. c4 e5 4. Nc3 Nd7 5. Be3 Bg7 6. d5 Ne7 7. Bd3 O-O 8. g4 f5
9. gxf5 gxf5 10. exf5 Nf6 11. Qc2 e4 12. Nxe4 Nxe4 13. Bxe4 Nxf5 14. O-O-O Nxe3
15. Bxh7+ Kh8 16. fxe3 Bg4 17. Bd3 Bxd1 18. Qxd1 Qg5 19. Qd2 Rae8 20. Ne2 Qxe3
21. b3 Bh6 22. Qxe3 Rxe3 23. Kc2 Rf2 24. Re1 Rxh2 25. Kc3 Rhh3 26. Nc1 Rxe1 0-1